00598nam a2200181 i 450000100060000000300090000600500170001500700030003200800410003524501030007626000710017930000360025065000200028665000200030665000280032671000400035485200220039446079ES-MaACL20230906161327.0t|030327s1959 sp ||||1| spa d00aCompendios de dermatología, oftalmología y otorrinología para médicos de medicina general. aMasnou, Barcelona : bLaboratorios del Norte de España, c[1959] aVIII, 121 p. : bil. ; c20 cm. 4aDermatología. 4aOftalmología. 4aOtorrinolaringología.2 aLaboratorios del Norte de España. aES-MaACLjC-17257